000 00670nam a2200205 a 4500
005 20140412111226.0
008 001118s19uu xx 00 eng d
020 _a0-89565-316-8
050 _aTR(GS 513
_bM74 1985
100 _aMoncure, Jane Belk
245 _aMy five book /
_cJane Belk Moncure ; illustrated by Linda Hohag.
260 _aElgin, Ill :
_bChild's World,
_c1985.
300 _a32 p. ; ill.
440 _aMy number book--My first steps to math
520 _aLittle Five introduces concept of "five" by interacting with five variety of things.
650 _aFive (The Number)
650 _aCounting
650 _aNumber counting
999 _c102056
_d102056